000
00323nam a2200133Ia 4500
008
240624s9999 xx 000 0 und d
041
_a
eng
082
_a
658.406 CLA
100
_a
CLARKE LIZ
245
_a
ESSENCE OF CHANGE
260
_c
2002
_a
New delhi
_b
Prentice-Hall
300
_a
xiii, : 202 : p. : cm. ; 22
365
_c
RS
999
_c
239
_d
239